| 000 | 00570nam a22001817a 4500 | ||
|---|---|---|---|
| 003 | OSt | ||
| 005 | 20140310182456.0 | ||
| 008 | 130806t xxu||||| |||| 00| 0 eng d | ||
| 020 | _a9780071496247 | ||
| 050 |
_aRC 630 _b.J64 2008 |
||
| 100 |
_aJohnson, Joyce Y. _98373 |
||
| 245 |
_aFluids and electrocytes demystified : _ba self teaching guide / _cJoyce Y. Johnson, Edward Lyons, Bennita W. Vaughans. |
||
| 260 |
_aUSA : _bMcGraw-Hill Inc. _c2008 |
||
| 300 |
_axiv. 227 p. ; _bill. ; _c31 cm. |
||
| 700 |
_aLyons , Edward _98374 |
||
| 942 |
_2lcc _cSSLC |
||
| 999 |
_c13734 _d13734 |
||